000 00912nam a2200217 i 4500
001 bg
100 1 _aTOMKÓW, Jan
245 0 _aPodstawy projektowych obliczen wibrostabilności wielowymiarowego układu OUPN ze szczególnym uwzględnieniem modelowania dynamiki procesu skrawania /
_cJan Tomków.
260 _aSzczecin :
_bWydaw. Uczelniane PS,
_c1991.
300 _a132, [1] s. :
_brys., wykr. ;
_c24 cm.
490 1 _aPrace Naukowe Politechniki Szczecińskiej. Instytut Technologii Mechanicznej,
_vnr 7
500 _aSer. gł. : 0239-975X ; nr 429.
504 _aBibliogr. s. 125-132.
710 _aPOLITECHNIKA SZCZECIŃSKA (Szczecin). Instytut Technologii Mechanicznej
830 0 _aPrace Naukowe Politechniki Szczecińskiej.
_pInstytut Technologii Mechanicznej ;
_vnr 7
040 _cBPK
041 _apol
080 _a621.91:621.01:51
942 _cKS
008 s pl f |000 0 pol
999 _c30052
_d30052
856 _uhttp://koha.tu.koszalin.pl/cgi-bin/koha/opac-detail.pl?biblionumber=30052
_yKatalog online BPK